| 000 | 00667nam a2200241Ia 4500 | ||
|---|---|---|---|
| 003 | OSt | ||
| 005 | 20220924121559.0 | ||
| 006 | a|||||r|||| 00| 0 | ||
| 007 | ta | ||
| 008 | 220923b |||||||| |||| 00| 0 urd d | ||
| 020 | _c5.00 | ||
| 024 | _a320541 | ||
| 037 | _cTextual | ||
| 040 |
_aARTS _cARTS _burd |
||
| 041 |
_2urd _aurd |
||
| 082 | _aP154, 168J9.1 | ||
| 100 |
_aAazad Abdul Ahad Au. _9186496 |
||
| 245 | 0 | _aKashmiri zuban aur shairi | |
| 260 |
_aJammu _bKashmir Cultural academy India _c1959 |
||
| 650 |
_aKASHMIRI LANGUAGE _9179771 |
||
| 942 |
_hP154, 168J9.1 _cTEXL _2CC |
||
| 999 |
_c408137 _d408137 |
||